008770000a22003610004500082002000000518001500020530000600035100002700041245005700068250001200125020001800137260002900155260000900184300001800193041000800211365001400219440003000233500002600263650001600289650001100305650001200316650001400328650001400342650001300356650001500369650001700384650001200401651001000413651001800423650003700441650002000478005001700498 a923.20954bB496 a2008-08-19 aM aSingh, Col. Raghvinder aBhagat Singh; symbol of heroism for the Indian youth a2nd ed. a81-89297-29-5 aDelhibVijay Goel, India c2008 a152p.billus. aEng aRs.120.00 aThe daring youth of India aIncludes bibliography aBiographies aMartyr aHeroism aChildhood aEducation aMarriage aIdeologies aNon-violence aLetters aIndia aGreat Britain aSingh, Bhagat, 1907-1931, Martyr aIndian Congress20120907085431.0